[Event "ICS rated blitz match"]
[Site "204.178.125.65"]
[Date "2000.04.19"]
[Round "?"]
[White "Hossa"]
[Black "IamaMaster"]
[Result "0-1"]
[WhiteElo "2539"]
[BlackElo "1964"]
[PlyCount "168"]
[EventDate "2000.??.??"]

1. Nf3 d5 2. c4 dxc4 3. Na3 Be6 4. e3 Nf6 5. Nxc4 Bxc4 6. Bxc4 e6 7. O-O Bd6 8.
d3 O-O 9. Bd2 Nbd7 10. Ba5 a6 11. Qc2 Ne5 12. Nxe5 Bxe5 13. Bb3 b6 14. Bd2 c5
15. f4 Bd6 16. Rac1 Qc7 17. Be1 Rfd8 18. Bg3 Ng4 19. Qe2 Nh6 20. Be1 Nf5 21.
Ba4 b5 22. Bc2 c4 23. d4 Ne7 24. Bh4 Rdc8 25. Be4 Rab8 26. Qc2 Ng6 27. Bxg6
hxg6 28. g3 b4 29. e4 b3 30. axb3 Qa7 31. Rfd1 cxb3 32. Qd3 a5 33. Rxc8+ Rxc8
34. Qxb3 a4 35. Qb5 Rb8 36. Qc6 Bf8 37. Rd2 Qa5 38. Qc2 Bb4 39. Rd1 Qb5 40. Rc1
Bf8 41. Rb1 Qb4 42. Qd1 a3 43. b3 a2 44. Ra1 Qa5 45. Kg2 Bb4 46. Qc2 Ra8 47.
Kh1 Bc3 48. b4 Bxb4 49. g4 Bc3 50. Rxa2 Qxa2 51. Qxc3 Qe2 52. Qe1 Qf3+ 53. Kg1
Ra2 54. Bf2 Qxg4+ 55. Bg3 Qf3 56. Bf2 Qxf4 57. Qe3 Qg4+ 58. Kf1 Ra1+ 59. Be1
Qd1 60. d5 exd5 61. exd5 Qxd5 62. Kg1 Ra2 63. Bf2 Qd1+ 64. Kg2 Qg4+ 65. Kf1
Ra1+ 66. Be1 Qe6 67. Qxe6 fxe6 68. Ke2 Kf7 69. Bc3 Ra2+ 70. Bd2 e5 71. Ke3 Ke6
72. Ke2 Kf5 73. Ke1 Ke4 74. h4 Kf3 75. Kd1 e4 76. Bc3 Ra7 77. Ke1 e3 78. Bd4
Rb7 79. Bxe3 Kxe3 80. Kf1 Kf3 81. Kg1 Kg3 82. Kf1 Re7 83. h5 gxh5 84. Kg1 Re1#
{Hossa checkmated} 0-1

[Event "ICS rated blitz match"]
[Site "204.178.125.65"]
[Date "2000.04.19"]
[Round "?"]
[White "Hossa"]
[Black "pijjja"]
[Result "1-0"]
[WhiteElo "2510"]
[BlackElo "2025"]
[PlyCount "71"]
[EventDate "2000.??.??"]

1. e4 c5 2. Nf3 d6 3. d4 cxd4 4. Nxd4 Nf6 5. Nc3 a6 6. Bg5 e6 7. f4 Be7 8. Qf3
Qc7 9. O-O-O Nbd7 10. g4 b5 11. Bxf6 Nxf6 12. g5 Nd7 13. f5 Nc5 14. f6 gxf6 15.
gxf6 Bf8 16. Rg1 b4 17. Nd5 exd5 18. exd5 Bd7 19. Rg7 Qa5 20. Re1+ Kd8 21. Ne6+
Kc8 22. Nxc5 Qxc5 23. Rxf7 a5 24. Qh3 Qc7 25. Re8+ Kb7 26. Qxd7 Bh6+ 27. Kb1
Qxd7 28. Rxd7+ Kb6 29. Rxd6+ Kc5 30. Rc6+ Kxd5 31. Bg2+ Kd4 32. Re4+ Kd5 33.
Ree6+ Kd4 34. Rcd6+ Kc4 35. b3+ Kb5 36. Re5# {pijjja checkmated} 1-0

[Event "ICS rated blitz match"]
[Site "204.178.125.65"]
[Date "2000.04.19"]
[Round "?"]
[White "pijjja"]
[Black "Hossa"]
[Result "0-1"]
[WhiteElo "2019"]
[BlackElo "2516"]
[PlyCount "88"]
[EventDate "2000.??.??"]

1. e4 e5 2. Nf3 Nc6 3. g3 Bc5 4. Bg2 Nf6 5. O-O Nxe4 6. c3 d5 7. d4 exd4 8.
cxd4 Bb6 9. Re1 O-O 10. Nc3 Re8 11. Bg5 Nxg5 12. Rxe8+ Qxe8 13. Nxg5 h6 14. Nf3
Qd8 15. Qd3 Nb4 16. Qb5 a5 17. a3 c6 18. Qe2 Na6 19. Re1 Bg4 20. Qd3 Bxf3 21.
Bxf3 Qf6 22. Kg2 Bxd4 23. Ne2 Bxb2 24. Rb1 Nc5 25. Qc2 Bd4 26. Nxd4 Qxd4 27.
Rd1 Qc4 28. Qf5 Qc3 29. Qf4 Qxa3 30. Qd6 Re8 31. Rb1 Qa2 32. Rf1 Qc2 33. Qc7
Qc3 34. h4 a4 35. h5 a3 36. Bg4 a2 37. Bd7 Rf8 38. Bc8 Nd3 39. Qxb7 Ne1+ 40.
Rxe1 Qxe1 41. Qxc6 a1=Q 42. Kh3 Qh1+ 43. Kg4 Qad1+ 44. Kf4 Qe4# {
pijjja checkmated} 0-1

[Event "ICS rated blitz match"]
[Site "204.178.125.65"]
[Date "2000.04.19"]
[Round "?"]
[White "Hossa"]
[Black "pijjja"]
[Result "1-0"]
[WhiteElo "2518"]
[BlackElo "2017"]
[PlyCount "111"]
[EventDate "2000.??.??"]

1. e4 c5 2. Nf3 d6 3. d4 cxd4 4. Nxd4 Nf6 5. Nc3 g6 6. Be3 Bg7 7. f3 O-O 8. Qd2
Nc6 9. Bc4 Bd7 10. O-O-O Qa5 11. Nb3 Qc7 12. Nb5 Qd8 13. Kb1 a6 14. Nc3 b5 15.
Bd5 Nxd5 16. Nxd5 Rb8 17. Bh6 a5 18. Bxg7 Kxg7 19. Rhg1 Be6 20. Qc3+ Ne5 21. f4
Rc8 22. Qxa5 Bxd5 23. Qxd8 Rfxd8 24. Rxd5 Nc4 25. Rxb5 Ne3 26. c3 f5 27. exf5
Nxf5 28. g4 Ne3 29. Re1 Nxg4 30. Rxe7+ Kg8 31. Rbb7 Nf6 32. Rg7+ Kh8 33. Rgf7
Rf8 34. Rbe7 Rxf7 35. Rxf7 Nd5 36. Rd7 Nxf4 37. Rxd6 Re8 38. a4 Re1+ 39. Ka2
Re4 40. Rd4 Rxd4 41. Nxd4 Nd5 42. Nb5 Kg8 43. b4 Kf8 44. Kb3 Ke8 45. c4 Ne3 46.
a5 Kd7 47. a6 Kc8 48. Nd4 Kb8 49. b5 Ng4 50. b6 Ne5 51. c5 h5 52. c6 g5 53. a7+
Ka8 54. c7 Kb7 55. a8=Q+ Kxa8 56. c8=Q# {pijjja checkmated} 1-0

[Event "ICS rated blitz match"]
[Site "204.178.125.65"]
[Date "2000.04.19"]
[Round "?"]
[White "pijjja"]
[Black "Hossa"]
[Result "0-1"]
[WhiteElo "2015"]
[BlackElo "2520"]
[PlyCount "58"]
[EventDate "2000.??.??"]

1. c3 e5 2. d4 exd4 3. cxd4 d5 4. Nc3 Nf6 5. Bf4 Bb4 6. Rc1 O-O 7. e3 Re8 8.
Bd3 Nc6 9. Nge2 Ba5 10. O-O Nb4 11. Bb1 Be6 12. a3 Nc6 13. b4 Bb6 14. Qd3 Qe7
15. Bg5 h6 16. Bxf6 Qxf6 17. Qh7+ Kf8 18. Nf4 Rad8 19. Rfe1 a5 20. b5 Na7 21.
a4 Rd7 22. Nd3 Rd6 23. Ne5 Bc8 24. e4 Bxd4 25. Nxd5 Rxd5 26. exd5 Bxf2+ 27. Kh1
Bxe1 28. Rxe1 Rxe5 29. Rc1 Qf2 {pijjja resigns} 0-1

[Event "ICS rated standard match"]
[Site "204.178.125.65"]
[Date "2000.04.19"]
[Round "?"]
[White "HangerOn"]
[Black "Hossa"]
[Result "1-0"]
[WhiteElo "2303"]
[BlackElo "2365"]
[PlyCount "115"]
[EventDate "2000.??.??"]

1. e4 d5 2. exd5 Qxd5 3. Nc3 Qd6 4. d4 Nf6 5. Nf3 Bf5 6. Bc4 e6 7. O-O c6 8.
Ne2 Nbd7 9. c3 Bg4 10. Bf4 Qe7 11. Ne5 Nxe5 12. Bxe5 Nd5 13. Bd3 O-O-O 14. Qa4
f6 15. Bg3 a6 16. Rfe1 Qd7 17. f3 Bh5 18. Nf4 Nxf4 19. Bxf4 g5 20. Bc4 Re8 21.
Qa5 Bf7 22. Bd2 Rg8 23. Re4 Bg6 24. Re2 Bf7 25. Rae1 g4 26. f4 g3 27. hxg3 Rxg3
28. f5 e5 29. Bxf7 Qxf7 30. dxe5 Qc4 31. Re4 Bc5+ 32. Kh1 Qd3 33. Qxc5 Qxd2 34.
R4e2 Qh6+ 35. Kg1 Qh3 36. Qf2 Reg8 37. exf6 Rxg2+ 38. Qxg2 Rxg2+ 39. Rxg2 Qxf5
40. Rg8+ Kc7 41. Rf1 Qh3 42. Rg7+ Kb6 43. f7 Qe3+ 44. Rf2 Qe1+ 45. Kg2 Qe4+ 46.
Kh2 Qe5+ 47. Rg3 Qh5+ 48. Kg1 Qd1+ 49. Rf1 Qd6 50. Rg8 Qd2 51. f8=Q Qxb2 52.
Qd8+ Kb5 53. Rg4 a5 54. Rf5+ c5 55. a4+ Ka6 56. Qa8+ Kb6 57. Rf6+ Kc7 58. Rg7#
{Hossa checkmated} 1-0

[Event "ICS rated blitz match"]
[Site "204.178.125.65"]
[Date "2000.04.19"]
[Round "?"]
[White "QueenMaxima"]
[Black "Hossa"]
[Result "0-1"]
[WhiteElo "2484"]
[BlackElo "2522"]
[PlyCount "146"]
[EventDate "2000.??.??"]

1. d4 d5 2. c4 e6 3. Nc3 Nf6 4. Nf3 Be7 5. Bg5 h6 6. Bh4 Nc6 7. e3 g5 8. Bg3
Bb4 9. Nd2 h5 10. h4 g4 11. Qb3 dxc4 12. Bxc4 Bd7 13. O-O-O a5 14. d5 a4 15.
Qc2 exd5 16. Nxd5 Nxd5 17. Bxd5 a3 18. Nc4 Rh6 19. bxa3 Bxa3+ 20. Nxa3 Rxa3 21.
Bf4 Rf6 22. Bg5 Qe7 23. Qb2 Qc5+ 24. Kb1 Bf5+ 25. e4 Bxe4+ 26. Bxe4 Rd6 27.
Bxc6+ bxc6 28. Qh8+ Kd7 29. Qd8+ Ke6 30. Rhe1+ Kf5 31. Rd5+ Qxd5 32. Qc8+ Rd7
33. Re2 Qd1+ 34. Kb2 Rxa2+ 35. Kxa2 Qxe2+ 36. Kb1 Qe4+ 37. Kb2 Qe6 38. Qh8 Qe2+
39. Kb1 Qd3+ 40. Kb2 Qb5+ 41. Ka2 Qd5+ 42. Kb2 Qe5+ 43. Qxe5+ Kxe5 44. Bh6 c5
45. Kc3 Kd5 46. Bg5 c4 47. Bf6 Rd6 48. Bg5 Rb6 49. Bf4 c6 50. Kc2 Ra6 51. Bc1
Ra1 52. Kb2 Ra8 53. Be3 Rb8+ 54. Kc2 Re8 55. g3 c5 56. Kd2 Ra8 57. Kc3 Ra2 58.
Bd2 f6 59. Be3 Re2 60. Bf4 Rxf2 61. Bc7 Rf3+ 62. Kc2 c3 63. Kb3 Kd4 64. Bd6 Rf1
65. Be7 c4+ 66. Ka2 Rf2+ 67. Kb1 c2+ 68. Kb2 c3+ 69. Ka2 c1=Q+ 70. Kb3 Qb1+ 71.
Ka4 Ra2+ 72. Ba3 Kd3 73. Ka5 Rxa3# 0-1

[Event "ICS rated blitz match"]
[Site "204.178.125.65"]
[Date "2000.04.19"]
[Round "?"]
[White "Hossa"]
[Black "Themanfromrio"]
[Result "1-0"]
[WhiteElo "2536"]
[BlackElo "1994"]
[PlyCount "71"]
[EventDate "2000.??.??"]

1. e4 e5 2. Nf3 d6 3. d4 exd4 4. Nxd4 g6 5. Nc3 Bg7 6. Be3 Nf6 7. Qd2 O-O 8.
O-O-O Nc6 9. f3 Be6 10. Nxc6 bxc6 11. Ba6 Qb8 12. Rhf1 c5 13. Bh6 Qb6 14. Bxg7
Kxg7 15. Qe2 Rab8 16. b3 Nd7 17. f4 Qa5 18. Kb2 f6 19. f5 Bg8 20. fxg6 hxg6 21.
Bd3 Ne5 22. Qe3 c4 23. Be2 cxb3 24. cxb3 Rb6 25. g4 Qb4 26. Rd4 Qa5 27. Ra4 Qc5
28. Qxc5 dxc5 29. Rxa7 c4 30. Rxc7+ Kh6 31. h4 g5 32. Rf5 gxh4 33. g5+ Kg6 34.
gxf6 cxb3 35. Rg7+ Kh6 36. Rh5# 1-0

[Event "ICS rated standard match"]
[Site "204.178.125.65"]
[Date "2000.04.19"]
[Round "?"]
[White "Hossa"]
[Black "QueenMaxima"]
[Result "0-1"]
[WhiteElo "2346"]
[BlackElo "2329"]
[PlyCount "144"]
[EventDate "2000.??.??"]

1. e4 c5 2. Nf3 Nc6 3. d4 cxd4 4. Nxd4 Nf6 5. Nc3 d6 6. Bg5 e6 7. Qd2 a6 8.
O-O-O h6 9. Be3 Qc7 10. f3 Be7 11. Nb3 O-O 12. Kb1 Nd7 13. g4 Nde5 14. Qf2 b5
15. Nd4 b4 16. Nce2 Bd7 17. Nxc6 Bxc6 18. Ng3 Ba4 19. h4 Rfc8 20. Rd2 Bb5 21.
Be2 Nc4 22. Bxc4 Bxc4 23. g5 hxg5 24. hxg5 Qa5 25. b3 Bxb3 26. axb3 Bxg5 27.
Qh2 f6 28. Bxg5 fxg5 29. Rxd6 Rd8 30. Rxe6 Kf7 31. Rc6 Rh8 32. Nh5 Rad8 33. Qe2
Rd4 34. Rxa6 Qc5 35. Rh3 Rhd8 36. Rh2 Rd1+ 37. Ka2 Kf8 38. Ng3 Qc3 39. Rh8+ Kf7
40. Qc4+ Qxc4 41. Ra7+ Kg6 42. bxc4 Rxh8 43. Ra6+ Kf7 44. Nf5 Rh3 45. Ra7+ Kf6
46. Ra6+ Ke5 47. Ra5+ Kf4 48. Nxg7 Kxf3 49. Rxg5 Rh2 50. Rd5 Rxc2+ 51. Kb3 Rdc1
52. Rd4 Rg2 53. Nf5 Rb1+ 54. Ka4 Ra2+ 55. Kb5 b3 56. Rd7 b2 57. Nd4+ Kf4 58.
Ne6+ Ke5 59. Nc5 Rc1 60. Nd3+ Ke6 61. Nc5+ Kf6 62. Kc6 b1=Q 63. Rd4 Qb4 64.
Rd6+ Kf7 65. Rd7+ Ke8 66. Rd5 Ra5 67. Re5+ Kf7 68. Kd7 Rd1+ 69. Kc7 Rxc5+ 70.
Rxc5 Qxc5+ 71. Kb8 Qb6+ 72. Kc8 Rd8# {Hossa checkmated} 0-1

[Event "ICS rated blitz match"]
[Site "204.178.125.65"]
[Date "2000.04.19"]
[Round "?"]
[White "Hossa"]
[Black "Tinker"]
[Result "1/2-1/2"]
[WhiteElo "2537"]
[BlackElo "2369"]
[PlyCount "99"]
[EventDate "2000.??.??"]

1. e4 e5 2. Nf3 Nc6 3. Nc3 Nf6 4. Nxe5 Nxe5 5. d4 Ng6 6. e5 Ng8 7. Bc4 Bb4 8.
Qf3 Qe7 9. O-O Bxc3 10. bxc3 Qf8 11. Bd5 Rb8 12. Be4 N8e7 13. Ba3 f5 14. Bd5
Kd8 15. Bc4 b6 16. Qd3 Bb7 17. Qd2 f4 18. f3 Kc8 19. Rab1 Ra8 20. Rb3 a6 21.
Rfb1 Ra7 22. Qe2 Qe8 23. Bd3 Nh4 24. Bc1 g5 25. c4 Nc6 26. Qf2 Na5 27. Ra3 Nc6
28. Rab3 Qf7 29. c5 b5 30. Bb2 Qe6 31. Bc3 Ne7 32. c6 Nxc6 33. d5 Qxd5 34. Be4
Qe6 35. Bxc6 Qxc6 36. e6 Re8 37. Qxa7 Rxe6 38. Qd4 Re8 39. Re1 Rxe1+ 40. Bxe1
Ng6 41. Qg7 Qe6 42. Bf2 Bd5 43. Rb1 Bxa2 44. Re1 Qf7 45. Qd4 Bd5 46. Qa1 Bb7
47. Qg7 Bd5 48. Qa1 Bb7 49. Qg7 Bd5 50. Qa1 1/2-1/2

[Event "ICS rated blitz match"]
[Site "204.178.125.65"]
[Date "2000.04.19"]
[Round "?"]
[White "Hossa"]
[Black "QueenMaxima"]
[Result "1-0"]
[WhiteElo "2530"]
[BlackElo "2484"]
[PlyCount "261"]
[EventDate "2000.??.??"]

1. e4 c5 2. Nf3 d6 3. d4 cxd4 4. Nxd4 Nf6 5. Nc3 a6 6. Bg5 e6 7. f4 Be7 8. Qf3
Qc7 9. O-O-O Nbd7 10. g4 b5 11. Bxf6 Nxf6 12. g5 Nd7 13. f5 Bxg5+ 14. Kb1 Ne5
15. Qh5 Qe7 16. Nxe6 Bxe6 17. fxe6 g6 18. exf7+ Kxf7 19. Qe2 Kg7 20. Nd5 Qa7
21. h4 Bh6 22. h5 Raf8 23. hxg6 hxg6 24. Qg2 Qf2 25. Nc7 Qxg2 26. Bxg2 Rf2 27.
Bf1 Rc8 28. Ne6+ Kg8 29. Rxh6 Rcxc2 30. Bd3 Rxb2+ 31. Kc1 Nxd3+ 32. Rxd3 Rxa2
33. Kb1 Rae2 34. Rh1 Rb2+ 35. Kc1 b4 36. Rf1 Rfc2+ 37. Kd1 Rh2 38. Rf8+ Kh7 39.
Rf7+ Kh6 40. Kc1 Rbc2+ 41. Kb1 Rce2 42. Rf1 a5 43. Rxd6 b3 44. Nd4 Reg2 45. Rd8
a4 46. Rh8+ Kg7 47. Ra8 Rb2+ 48. Kc1 g5 49. Rff8 g4 50. Rf4 Rbg2 51. Ne6+ Kg6
52. Rg8+ Kh5 53. Rh8+ Kg6 54. Rxh2 Rxh2 55. Rxg4+ Kh5 56. Rg1 Rc2+ 57. Kd1 a3
58. Ng7+ Kh6 59. Nf5+ Kh5 60. Nd4 a2 61. Nxb3 Rb2 62. Re1 Rxb3 63. Kc2 Re3 64.
Rh1+ Kg4 65. Rg1+ Kf4 66. Ra1 Kxe4 67. Rxa2 Kd4 68. Kd2 Rg3 69. Ke1 Kc5 70. Kf1
Rh3 71. Kg1 Kc4 72. Kg2 Rb3 73. Kh2 Re3 74. Kg2 Rd3 75. Kh2 Kd4 76. Kg1 Ke4 77.
Kh1 Kf3 78. Kh2 Re3 79. Kh3 Kf4+ 80. Kh4 Re4 81. Kh5 Re1 82. Kh6 Rg1 83. Kh7
Rg3 84. Kh8 Ke5 85. Rb2 Kd5 86. Kh7 Rg4 87. Kh8 Kc6 88. Kh7 Kc5 89. Kh8 Rg3 90.
Kh7 Rg1 91. Kh8 Kd6 92. Kh7 Rg4 93. Kh6 Kc5 94. Kh7 Kc4 95. Kh6 Rg3 96. Kh5 Kc5
97. Kh6 Kc6 98. Kh5 Rg1 99. Kh6 Kc5 100. Kh7 Kd5 101. Rc2 Kd4 102. Kh8 Rg4 103.
Kh7 Kd3 104. Rf2 Ke3 105. Rh2 Kf3 106. Kh8 Kf4 107. Rh1 Rg3 108. Kh7 Ke4 109.
Kh8 Kf5 110. Rf1+ Ke5 111. Kh7 Kd6 112. Kh8 Kd5 113. Kh7 Ke6 114. Kh8 Rd3 115.
Kg8 Re3 116. Kh8 Rf3 117. Rxf3 Kd6 118. Rf5 Ke6 119. Ra5 Kf6 120. Kh7 Ke6 121.
Kg7 Kd6 122. Kf7 Kd7 123. Ra6 Kc7 124. Ke8 Kb7 125. Rd6 Kc7 126. Re6 Kc8 127.
Re7 Kb8 128. Kd8 Ka8 129. Kc7 Ka7 130. Re6 Ka8 131. Ra6# 1-0

[Event "ICS rated standard match"]
[Site "204.178.125.65"]
[Date "2000.04.19"]
[Round "?"]
[White "MorpheusX23"]
[Black "Hossa"]
[Result "0-1"]
[WhiteElo "2200"]
[BlackElo "2329"]
[PlyCount "25"]
[EventDate "2000.??.??"]

1. e4 e5 2. Nf3 Nc6 3. Bb5 a6 4. Ba4 Nf6 5. Nc3 b5 6. Bb3 Bc5 7. O-O d6 8. d3
Bg4 9. h3 Bxf3 10. Qxf3 O-O 11. Qg3 b4 12. Bh6 Nh5 13. Ne2 {MorpheusX23 resigns
} 0-1

[Event "ICS rated blitz match"]
[Site "204.178.125.65"]
[Date "2000.04.19"]
[Round "?"]
[White "Hossa"]
[Black "PostModernist"]
[Result "1/2-1/2"]
[WhiteElo "2549"]
[BlackElo "2646"]
[PlyCount "173"]
[EventDate "2000.??.??"]

1. e4 c6 2. d4 d5 3. Nc3 dxe4 4. Nxe4 Nd7 5. Bc4 Ngf6 6. Ng5 e6 7. Qe2 Nb6 8.
Bd3 h6 9. N5f3 c5 10. dxc5 Bxc5 11. Ne5 Nbd7 12. Ngf3 Qc7 13. O-O O-O 14. Bf4
Bd6 15. Rfe1 Nxe5 16. Nxe5 b6 17. Qf3 Bb7 18. Qh3 Rfd8 19. Rad1 Nd5 20. Bg3 Nb4
21. Qh5 Nxd3 22. cxd3 Rac8 23. Re2 f6 24. Ng6 Bxg3 25. hxg3 Qf7 26. Qg4 e5 27.
f4 e4 28. Re3 Kh7 29. f5 Qxa2 30. dxe4 Rxd1+ 31. Qxd1 Qxb2 32. Kh2 Qc1 33. Nf8+
Kg8 34. Qxc1 Rxc1 35. Ng6 h5 36. e5 fxe5 37. Rxe5 Kh7 38. Nf8+ Kh6 39. Re6+ Kg5
40. Re7 Bd5 41. Rxg7+ Kxf5 42. Rxa7 Rc2 43. Rh7 Kg5 44. Rd7 Bxg2 45. Kg1 Kg4
46. Ne6 Ra2 47. Nf4 h4 48. Nxg2 Ra1+ 49. Kf2 hxg3+ 50. Ke3 Ra3+ 51. Ke4 Ra4+
52. Ke5 Kf3 53. Rd2 Ra5+ 54. Kd4 Rh5 55. Ne1+ Kg4 56. Nd3 Rh2 57. Ne5+ Kh3 58.
Rd3 Rb2 59. Re3 Rb1 60. Kc3 Rf1 61. Kc4 Rd1 62. Rb3 Rd6 63. Rc3 Re6 64. Kd5 Rf6
65. Rb3 Rh6 66. Ke4 Re6 67. Rc3 Kh2 68. Rc7 g2 69. Rh7+ Kg1 70. Kd4 Kf1 71.
Rf7+ Ke2 72. Nf3 Rd6+ 73. Ke4 Rd1 74. Rg7 Kf2 75. Rf7 Rf1 76. Nd2+ Ke2 77. Rxf1
gxf1=Q 78. Nxf1 Kxf1 79. Kd3 b5 80. Kd2 b4 81. Kd1 Kf2 82. Kd2 Kg3 83. Ke3 b3
84. Kd3 Kg4 85. Kd2 b2 86. Kc2 b1=Q+ 87. Kxb1 1/2-1/2

[Event "ICS rated blitz match"]
[Site "204.178.125.65"]
[Date "2000.04.19"]
[Round "?"]
[White "PostModernist"]
[Black "Hossa"]
[Result "0-1"]
[WhiteElo "2642"]
[BlackElo "2553"]
[PlyCount "184"]
[EventDate "2000.??.??"]

1. e4 e5 2. d4 exd4 3. c3 dxc3 4. Bc4 cxb2 5. Bxb2 d6 6. Qb3 Qd7 7. Nc3 Nc6 8.
Nd5 Na5 9. Qg3 f6 10. Be2 c6 11. Nf4 Qe7 12. Bc3 b6 13. Qe3 Nh6 14. Nf3 Ng4 15.
Qd4 Nb7 16. O-O Nc5 17. h3 Ne5 18. Qe3 g6 19. Nxe5 fxe5 20. Nd3 Be6 21. Nxc5
bxc5 22. f4 Bh6 23. Qd3 c4 24. Qd1 O-O 25. fxe5 dxe5 26. Kh1 Rxf1+ 27. Qxf1 Rf8
28. Bf3 Bf4 29. Rb1 Bg3 30. a3 Qxa3 31. Bb4 Rxf3 32. Bxa3 Rxf1+ 33. Rxf1 Bf4
34. Bb2 g5 35. Ra1 Bf7 36. Rxa7 Bg6 37. Ra5 Bxe4 38. Bxe5 Be3 39. Ra1 Bd2 40.
Ra4 Bd3 41. Ra6 Be4 42. Ra4 Bd5 43. Ra3 Kf7 44. Bd4 Be4 45. Ra4 Bd3 46. Ra8 Ke6
47. Re8+ Kd7 48. Re5 Bf4 49. Ra5 Kd6 50. g3 Bxg3 51. Rxg5 Bf4 52. Rh5 Bd2 53.
Re5 Bb4 54. Re8 Kd5 55. Bg7 Be4+ 56. Kg1 c5 57. Rd8+ Kc6 58. Re8 Bg6 59. Re6+
Kb5 60. Re3 Bd2 61. Rg3 Kb4 62. Rg4 Bf5 63. Rh4 Kb3 64. Rh5 Bg6 65. Rd5 c3 66.
Rd8 c2 67. Rb8+ Kc4 68. Bb2 c1=Q+ 69. Bxc1 Bxc1 70. Kf2 Kc3 71. Rb7 Bd3 72. h4
c4 73. Kf3 Kc2 74. Rg7 Bg6 75. Kg3 c3 76. h5 Be4 77. Rd7 Kb3 78. Re7 Bd2 79.
Rxe4 c2 80. Re8 c1=Q 81. Rb8+ Bb4 82. Rxb4+ Kxb4 83. Kg4 h6 84. Kf3 Qd1+ 85.
Ke3 Qh1 86. Kf2 Kc3 87. Kg3 Kd3 88. Kf4 Qxh5 89. Kg3 Ke3 90. Kg2 Qh4 91. Kg1
Kf3 92. Kf1 Qh1# 0-1

[Event "ICS rated blitz match"]
[Site "204.178.125.65"]
[Date "2000.04.19"]
[Round "?"]
[White "Hossa"]
[Black "PostModernist"]
[Result "0-1"]
[WhiteElo "2573"]
[BlackElo "2622"]
[PlyCount "148"]
[EventDate "2000.??.??"]

1. e4 c6 2. d4 d5 3. Nc3 dxe4 4. Nxe4 Bf5 5. Ng3 Bg6 6. h4 h6 7. Nf3 Nf6 8. Ne5
Bh7 9. Bc4 e6 10. Be3 Bd6 11. Bb3 Bxe5 12. dxe5 Qa5+ 13. Qd2 Qxe5 14. O-O-O O-O
15. Bf4 Qb5 16. a4 Qb6 17. Bd6 Rd8 18. Qf4 Na6 19. Be5 Nc5 20. Bc4 Rxd1+ 21.
Rxd1 Ncd7 22. Bc7 Qc5 23. Bb3 Nd5 24. Qd6 Qxd6 25. Bxd6 a5 26. Bc4 N7f6 27. Rd4
b6 28. h5 Ne8 29. Be5 f6 30. Bf4 Nxf4 31. Rxf4 Nc7 32. Rd4 Nd5 33. Bb3 g5 34.
hxg6 Bxg6 35. c4 c5 36. Rg4 Ne7 37. Bc2 f5 38. Rh4 Kg7 39. Rh1 Rd8 40. Rd1 Rd4
41. b3 Rxd1+ 42. Bxd1 f4 43. Ne2 e5 44. Nc3 Nc6 45. Nd5 Nb4 46. Kd2 Nxd5 47.
cxd5 Be4 48. Bf3 Bxf3 49. gxf3 Kf6 50. Ke2 Ke7 51. Kd3 h5 52. Ke2 Kd6 53. Kd2
Kxd5 54. Kd3 h4 55. Ke2 Kd4 56. Kf1 Kc3 57. Kg2 Kxb3 58. Kh3 Kxa4 59. Kg4 c4
60. Kxh4 c3 61. Kg5 c2 62. Kf6 Kb3 63. Kxe5 c1=Q 64. Ke4 a4 65. Kf5 a3 66. Kf6
a2 67. Kg5 a1=Q 68. Kf5 Qc5+ 69. Kg6 Qc2+ 70. Kg5 Qe5+ 71. Kh4 Qh8+ 72. Kg5
Qc5+ 73. Kg4 Qhh5+ 74. Kxf4 Qce5# {Hossa checkmated} 0-1

[Event "ICS rated blitz match"]
[Site "204.178.125.65"]
[Date "2000.04.19"]
[Round "?"]
[White "MissSilicon"]
[Black "Hossa"]
[Result "1/2-1/2"]
[WhiteElo "2645"]
[BlackElo "2559"]
[PlyCount "292"]
[EventDate "2000.??.??"]

1. d4 Nf6 2. c4 d6 3. Nf3 Nbd7 4. Bf4 Nh5 5. Bg5 h6 6. Bd2 e5 7. Nc3 exd4 8.
Nxd4 Be7 9. e4 Nhf6 10. Be2 Nc5 11. f3 c6 12. b4 Ne6 13. Nf5 Bf8 14. Qc1 a5 15.
b5 Nc5 16. Nd4 Ne6 17. Be3 Nxd4 18. Bxd4 Be7 19. O-O O-O 20. Rd1 Be6 21. f4 a4
22. f5 Bc8 23. Rb1 Nd7 24. Qc2 a3 25. Be3 Re8 26. Rb3 Qc7 27. Bc1 Qb6+ 28. Kh1
Qc5 29. Nb1 cxb5 30. Rxb5 Qf2 31. Rb3 Bg5 32. Rxa3 Rxa3 33. Bxa3 Nc5 34. Nc3
Bf6 35. Rf1 Qd4 36. Bxc5 Qxc3 37. Qxc3 Bxc3 38. Bxd6 Rxe4 39. Bf3 Rxc4 40. g4
b5 41. Kg2 h5 42. h3 Bd4 43. Bd5 Rc2+ 44. Kg3 Rd2 45. Bf4 Rd3+ 46. Rf3 h4+ 47.
Kg2 Rd1 48. Rf1 Rxf1 49. Kxf1 b4 50. Bc4 Bd7 51. Bd6 Bc3 52. Be7 Be8 53. Ke2
Bc6 54. Bxh4 Bg2 55. Kf2 Be4 56. Be7 Bd4+ 57. Ke2 Bc3 58. Ke3 Bc2 59. Bd5 Bb1
60. a3 bxa3 61. Bxa3 Bf6 62. Kf4 Bc3 63. Bd6 Bd2+ 64. Kf3 Be1 65. Bc4 Bc2 66.
Be5 Bh4 67. Bd5 Bd3 68. Kg2 Bg5 69. Kg3 Bd2 70. Kh4 Bb4 71. Kg5 Bd2+ 72. Kh5
Ba5 73. Bf4 Bd8 74. Bd6 Bc2 75. Bc5 Bd3 76. Bb4 Bc2 77. Bc3 Bd3 78. Be5 Ba5 79.
Bd4 Bd8 80. Bc5 Bc2 81. Bc4 Be4 82. Bd6 Bf3 83. Bb3 Be4 84. Bg3 Bg2 85. h4 Be4
86. Bf2 Be7 87. Ba2 Kf8 88. Be1 Ke8 89. Bb3 Kf8 90. Ba4 Bd3 91. Bf2 Be4 92. Bb5
Bf6 93. Bc4 Be7 94. Ba2 Kg8 95. Bg3 Bf6 96. Bc4 Be7 97. Be1 Kf8 98. Bb5 Bc2 99.
Bf2 Be4 100. Ba4 Kg8 101. Be8 Bf6 102. Bg3 Bd8 103. Be1 Be7 104. Bc3 g6+ 105.
fxg6 Bxg6+ 106. Kh6 Bxh4 107. Bc6 Bf2 108. Bd2 Bd4 109. Bd7 Bf6 110. Bf5 Bxf5
111. gxf5 Kh8 112. Kh5 Bd4 113. Bh6 Kg8 114. Kg4 f6 115. Kh5 Kf7 116. Kg4 Kg8
117. Bd2 Bc5 118. Kh5 Kg7 119. Bh6+ Kh7 120. Bf4 Kg7 121. Bc1 Kf7 122. Kg4 Ke7
123. Kf3 Kd6 124. Bb2 Kd5 125. Bxf6 Kd6 126. Ke4 Kd7 127. Kd5 Be3 128. Bh4 Ke8
129. Ke6 Kf8 130. f6 Bd4 131. f7 Bf6 132. Be1 Bc3 133. Bg3 Be5 134. Bf2 Bd4
135. Be3 Bxe3 136. Kf6 Bg5+ 137. Kg6 Bh4 138. Kh5 Bg3 139. Kg6 Bh2 140. Kf6
Be5+ 141. Ke6 Bf4 142. Kf6 Be5+ 143. Ke6 Bf4 144. Kf6 Be5+ 145. Kg6 Ke7 146.
Kh5 Kxf7 1/2-1/2

[Event "ICS rated blitz match"]
[Site "204.178.125.65"]
[Date "2000.04.19"]
[Round "?"]
[White "MrsLovett"]
[Black "Hossa"]
[Result "1-0"]
[WhiteElo "2723"]
[BlackElo "2563"]
[PlyCount "127"]
[EventDate "2000.??.??"]

1. e4 e5 2. Nc3 Nf6 3. f4 d5 4. fxe5 Nxe4 5. Nf3 Be7 6. d4 O-O 7. Bd3 f5 8.
exf6 Bxf6 9. O-O Nc6 10. Be3 Bf5 11. Qe1 Qd7 12. Nd2 Bxd4 13. Bxd4 Nxd4 14.
Ndxe4 dxe4 15. Nxe4 Rae8 16. Qb4 Bxe4 17. Rxf8+ Rxf8 18. Bxe4 Ne2+ 19. Kh1 Qf7
20. Bf3 Nf4 21. Qxb7 Qc4 22. Qb3 Qxb3 23. axb3 Re8 24. Kg1 a6 25. Rxa6 Re1+ 26.
Kf2 Re8 27. Ra4 Rf8 28. Ra7 Ne6 29. Kg3 Kh8 30. b4 h5 31. Bxh5 c6 32. Rd7 Rf6
33. c4 Ng5 34. Re7 Ne6 35. Bg4 Nd4 36. Rb7 Rf1 37. b5 cxb5 38. cxb5 Kg8 39. b6
Nf5+ 40. Kh3 Nd6 41. Rd7 Rf6 42. b7 Nxb7 43. Rxb7 Rh6+ 44. Kg3 Rd6 45. b4 Rf6
46. b5 Rh6 47. Rb8+ Kf7 48. b6 Rf6 49. b7 Rb6 50. Bf3 Rg6+ 51. Kf4 Rb6 52. Bh5+
g6 53. Bxg6+ Kxg6 54. Rg8+ Kf6 55. b8=Q Rxb8 56. Rxb8 Ke6 57. h4 Kd5 58. h5 Kd4
59. h6 Kd5 60. h7 Ke6 61. Rd8 Kf7 62. h8=Q Ke7 63. Ke5 Kf7 64. Qf6# {
Hossa checkmated} 1-0

[Event "ICS rated blitz match"]
[Site "204.178.125.65"]
[Date "2000.04.19"]
[Round "?"]
[White "Hossa"]
[Black "MrsLovett"]
[Result "0-1"]
[WhiteElo "2554"]
[BlackElo "2732"]
[PlyCount "124"]
[EventDate "2000.??.??"]

1. e4 c5 2. Nf3 e6 3. d4 cxd4 4. Nxd4 Nf6 5. Nc3 d6 6. Be2 a6 7. O-O Be7 8. f4
O-O 9. Be3 Nc6 10. Qd2 e5 11. Nf3 exf4 12. Bxf4 Re8 13. Be3 Ng4 14. Nd5 Nxe3
15. Qxe3 Be6 16. Qf2 Bxd5 17. exd5 Nb4 18. Bc4 Qc7 19. Bb3 a5 20. a3 a4 21.
axb4 axb3 22. Rxa8 Rxa8 23. c3 Qc4 24. Qd4 Qb5 25. Nd2 Qe2 26. Qf4 f6 27. Nxb3
Qxb2 28. Na5 Qxc3 29. Qe4 Qe5 30. Qc4 Qe3+ 31. Kh1 Qb6 32. Qg4 Qb5 33. Qe6+ Kf8
34. Re1 Re8 35. Qe4 g6 36. Qd4 Bd8 37. Rxe8+ Kxe8 38. Qc4 Qxc4 39. Nxc4 Kd7 40.
Na5 Bxa5 41. bxa5 Kc7 42. h4 b5 43. axb6+ Kxb6 44. Kh2 Kc5 45. Kg3 Kxd5 46. Kf3
Kd4 47. Ke2 Ke4 48. Kf1 Ke3 49. Ke1 d5 50. Kf1 d4 51. Ke1 d3 52. Kd1 d2 53. g3
h5 54. Kc2 g5 55. g4 hxg4 56. h5 g3 57. h6 g2 58. h7 g1=Q 59. Kc3 Qa1+ 60. Kc4
d1=Q 61. Kc5 Qa5+ 62. Kc6 Qdd5# {Hossa checkmated} 0-1